Influence of selected megatrends for the paradigm shift of srategic thinking

Diskusia o problematike a potrebe posunu paradigmy v strategickom myslení ziskových i neziskových organizácií. Rozvoj strategického myslenia musí byť orientovaný na hospodárne účelné, účinné a zodpovedné riešenia.

Gespeichert in:
Bibliographische Detailangaben
1. Verfasser: Vágner, Ivan
Format: Buchkapitel
Sprache:Tschechisch
Schlagworte:
Tags: Tag hinzufügen
Keine Tags, Fügen Sie das erste Tag hinzu!

MARC

LEADER 00000nla a2200000 4500
001 0229460
005 20240417075114.4
041 0 |a cze 
044 |a SK 
245 1 0 |a Influence of selected megatrends for the paradigm shift of srategic thinking  |c Ivan Vágner 
520 |a Diskusia o problematike a potrebe posunu paradigmy v strategickom myslení ziskových i neziskových organizácií. Rozvoj strategického myslenia musí byť orientovaný na hospodárne účelné, účinné a zodpovedné riešenia. 
610 2 0 |a organizácie ziskové 
610 2 0 |a organizácie neziskové 
610 2 0 |a globalizácia 
610 2 0 |a zodpovednosť spoločenská 
610 2 0 |a princípy mravné 
610 2 0 |a myslenie ekonomické 
610 2 0 |a paradigma 
100 1 |a Vágner, Ivan